000 00960nam a2200217 a 4500
001 13661
003 BD-JhCC
005 20240313153106.0
008 240313b2015 nyu||||| |||| 00| 0 eng d
020 _a 9781633880214
035 _a(BD-JhCC)13661
040 _aBD-JhCC
_dBD-JhCC
041 _aenglish
082 _a101
_bGAR 2015
100 _a Garcia, Hector A.
245 _a Alpha God :
_bThe psychology of religious violence and oppression /
_cHector A. Garcia
260 _a New York:
_bPrometheus Books,
_c2015.
300 _a322 p. :
_bill;
_c22 cm.
650 _aBODY, MIND & SPIRIT Gaia & Earth Energies Dieu
_xDominance (Psychologie)
_yDominance (Psychology)
_zEvolutionary psychology God Psychologie évolutionniste Psychologie religieuse Psychology, Religious RELIGION Christianity General RELIGION Theology Sexism in religion Sexisme dans la religion Violence Aspect religieux Violence Religious aspects psychology of religion
942 _2ddc
_cBK
999 _c13661
_d13661